|
|
|
|
| LEADER |
00000cam a2200000 7i4500 |
| 001 |
0000000772 |
| 005 |
20011022.0 |
| 020 |
0 |
0 |
|a 9679786226
|
| 090 |
0 |
0 |
|a 915.9522
|b SCI 1998
|
| 245 |
0 |
2 |
|a A SCIENTIFIC journey through Borneo :
|b Bario :
|b The Kelabit Highlands of Sarawak
|c edited by Ghazally Ismail, Laily bin Din
|
| 260 |
0 |
0 |
|a Subang Jaya, Selangor :
|b Pelanduk Pub. ,
|c 1998
|
| 300 |
|
|
|a 359 p. :
|b ill. ;
|c 22 cm.
|
| 650 |
0 |
0 |
|a Biology
|x Research
|z Sarawak
|z Bario
|
| 650 |
0 |
0 |
|a Botany
|x Research
|z Sarawak
|z Bario
|
| 650 |
0 |
0 |
|a Kelabit (Borneon people)
|z Sarawak
|z Bario
|x Social life and customs
|
| 650 |
0 |
0 |
|a Zoology
|x Research
|z Sarawak
|z Bario
|
| 651 |
0 |
0 |
|a Bario (Sarawak)
|x Discovery and exploration
|
| 700 |
0 |
1 |
|a Ghazally Ismail ,
|c 1949-
|
| 700 |
0 |
1 |
|a Laily bin Din
|
| 710 |
1 |
1 |
|a Universiti Malaysia Sarawak ,
|c Institute of Biodiversity & Environmental Conservation and Faculty of Resource Science & Technology
|
| 998 |
|
|
|a JPSM
|
| 999 |
|
|
|a 0000001807
|b Audio Video
|c Open Shelf
|e Default branch
|